Neuroanatomía clínica funcional
Αποθηκεύτηκε σε:
| Κύριος συγγραφέας: | |
|---|---|
| Άλλοι συγγραφείς: | |
| Μορφή: | Βιβλίο |
| Γλώσσα: | Ισπανικά |
| Έκδοση: |
Barcelona, España
Masson
1997
|
| Θέματα: | |
| Ετικέτες: |
Προσθήκη ετικέτας
Δεν υπάρχουν, Καταχωρήστε ετικέτα πρώτοι!
|
MARC
| LEADER | 00000cam a2200000 a 4500 | ||
|---|---|---|---|
| 001 | UCL4718 | ||
| 003 | CL-VaPUC | ||
| 005 | 20210806185427.0 | ||
| 008 | 040123e19970000SP |||||||||||||||||spa|d | ||
| 999 | |c 307496 |d 307494 | ||
| 020 | |a 8445811444 | ||
| 040 | |c Pontificia Universidad Católica de Valparaíso | ||
| 082 | 0 | 4 | |a 611.8 YOU 1997 |2 21 |
| 100 | 0 | |a Young, Paul A |9 482351 | |
| 245 | 1 | 0 | |a Neuroanatomía clínica funcional |
| 260 | 0 | 3 | |a Barcelona, España |b Masson |c 1997 |
| 300 | |a 367 páginas | ||
| 583 | |k Rodrigo Vera |c 20200723 | ||
| 650 | 0 | |a Neuroanatomía |9 269717 | |
| 650 | 0 | |a Anatomía humana |9 269546 | |
| 700 | 0 | |a Young, Paul H |9 482352 | |
| 942 | |c BK |2 ddc | ||
| 945 | |d 20040123 00:00:00 |a cmena | ||